| 000 | 00469nas a22001691c 4500 | ||
|---|---|---|---|
| 001 | zs0119 | ||
| 008 | 170623m2000 gw |||| 000u rus d | ||
| 041 | _arus | ||
| 245 | 0 | 0 | _aAnglijskaja naberežnaja ; 4 |
| 264 |
_aSankt-Peterburg : _bLiki Rossii, _c[2017] |
||
| 362 | 0 | _a2000- | |
| 710 | 2 | _aSankt-Peterburgskoe naučnoe obščestvo istorikov i archivistov | |
| 910 | 0 | 0 | _a2000; 2001; 2004 (4); 2007 (5) |
| 942 | _cMG | ||
| 040 | _cRU-10907106 | ||
| 003 | RU-10907106 | ||
| 999 |
_c34525 _d34525 |
||